| 000 | 00920nam a22002297a 4500 | ||
|---|---|---|---|
| 999 |
_c8477 _d8477 |
||
| 003 | AR-CdUCM | ||
| 008 | 190325b ||||| |||| 00| 0 spa d | ||
| 040 |
_aMUNICIPALIDAD PROVINCIAL DEL CUSCO _cBIBLIOTECA MUNICIPAL DEL CUSCO |
||
| 082 |
_a302.23 / _bC26 |
||
| 100 |
_aCarrillo, Sonia Luz _915005 |
||
| 245 |
_aDiálogo entre los pueblos : _bnuevo orden internacional de la información / |
||
| 260 |
_aLima : _bEdit. universitaria San Martín de Porres, _c1985. |
||
| 300 |
_a90 páginas, _c21 cm. |
||
| 505 | _aContenido : El poder de informar -- El nuevo orden internacional -- 1980-1981: Año de intensificación del debate internacional de importantes logros -- Anexos | ||
| 650 |
_aComunicaciones _917618 |
||
| 650 |
_aPrensa _919488 |
||
| 650 |
_aDebate _923771 |
||
| 710 |
_aColegio de Periodistas _923772 |
||
| 710 |
_aUniversidad San Martín de Porres _923773 |
||
| 942 |
_2ddc _cLIBROS |
||
| 945 | _admma | ||